[Event "Oberliga Ost B"]
[Site "?"]
[Date "2022.10.22"]
[Round "2.3"]
[White "Nazarenus, Moritz"]
[Black "Solonar, Stefan"]
[Result "1-0"]
[WhiteElo "2243"]
[BlackElo "2290"]
[PlyCount "61"]
[EventDate "2022.09.18"]
[EventType "team-tourn"]
[EventCountry "GER"]
[WhiteTeam "Schoeneck SF"]
[BlackTeam "Heusenstamm SC"]
[WhiteTeamCountry "GER"]
[BlackTeamCountry "GER"]

1. d4 Nf6 2. c4 d6 3. Nc3 Nbd7 4. e4 e5 5. Nge2 c6 6. d5 Nc5 7. Qc2 a5 8. g3 Bd7 9. dxc6 Bxc6 10. Bg2 Be7 11. O-O Rc8 12. Be3 O-O 13. h3 Qb6 14. b3 Qa6 15. a3 a4 16. b4 Nb3 17. b5 Nxa1 18. Rxa1 Bxb5 19. cxb5 Qxb5 20. Rb1 Qa6 21. Rb6 Qa8 22. Qxa4 Qb8 23. Qb3 Rc7 24. Bg5 Bd8 25. Bxf6 Rxc3 26. Nxc3 Bxb6 27. Qxb6 gxf6 28. Nd5 Kg7 29. h4 Rc8 30. Qe3 Rc5 31. Nxf6 1-0

[Event "Oberliga Ost B"]
[Site "?"]
[Date "2022.10.22"]
[Round "2.4"]
[White "Klundt, Klaus"]
[Black "Meyer, Kai Christian"]
[Result "1-0"]
[WhiteElo "2282"]
[BlackElo "2192"]
[PlyCount "65"]
[EventDate "2022.09.18"]
[EventType "team-tourn"]
[EventCountry "GER"]
[WhiteTeam "Heusenstamm SC"]
[BlackTeam "Schoeneck SF"]
[WhiteTeamCountry "GER"]
[BlackTeamCountry "GER"]

1. e4 c6 2. d4 d5 3. exd5 cxd5 4. c4 Nf6 5. Nc3 e6 6. Nf3 Bb4 7. cxd5 Qxd5 8. Bd3 O-O 9. O-O Bxc3 10. bxc3 Nbd7 11. Re1 b6 12. c4 Qh5 13. Ba3 Rd8 14. Ne5 Qxd1 15. Raxd1 Bb7 16. f4 Nf8 17. Be7 Re8 18. Bd6 Ng6 19. g3 Red8 20. Ba3 a6 21. f5 exf5 22. Bxf5 b5 23. Nxf7 Kxf7 24. Be6+ Ke8 25. Bd5+ Kd7 26. Bxb7 Ra7 27. Bg2 bxc4 28. Bc5 Rc7 29. Bh3+ Kc6 30. Re6+ Kd5 31. Rxa6 c3 32. Bg2+ Ne4 33. Bb6 1-0

[Event "Oberliga Ost B"]
[Site "?"]
[Date "2022.10.22"]
[Round "2.5"]
[White "Kirchner, Markus"]
[Black "Roeschlau, Bernd"]
[Result "1/2-1/2"]
[WhiteElo "2083"]
[BlackElo "2209"]
[PlyCount "51"]
[EventDate "2022.09.18"]
[EventType "team-tourn"]
[EventCountry "GER"]
[WhiteTeam "Schoeneck SF"]
[BlackTeam "Heusenstamm SC"]
[WhiteTeamCountry "GER"]
[BlackTeamCountry "GER"]

1. e4 e5 2. Nf3 Nf6 3. Nxe5 d6 4. Nf3 Nxe4 5. d4 d5 6. Bd3 Bd6 7. c4 c6 8. Nc3 O-O 9. O-O Re8 10. Qc2 Bg4 11. Nxe4 dxe4 12. Bxe4 Bxf3 13. Bxf3 Qh4 14. g3 Qxd4 15. Be3 Qf6 16. Be4 g6 17. Rad1 Na6 18. a3 h5 19. b4 h4 20. b5 Nc5 21. Bd4 Qe6 22. Bf3 cxb5 23. Bd5 Qg4 24. h3 Qg5 25. Be3 Qf6 26. Rd4 1/2-1/2

[Event "Oberliga Ost B"]
[Site "?"]
[Date "2022.10.22"]
[Round "2.6"]
[White "Flach, Erich"]
[Black "Weiss, Matthias"]
[Result "1/2-1/2"]
[WhiteElo "2065"]
[BlackElo "2035"]
[PlyCount "32"]
[EventDate "2022.09.18"]
[EventType "team-tourn"]
[EventCountry "GER"]
[WhiteTeam "Heusenstamm SC"]
[BlackTeam "Schoeneck SF"]
[WhiteTeamCountry "GER"]
[BlackTeamCountry "GER"]

1. c4 e5 2. g3 Nf6 3. Bg2 d5 4. cxd5 Nxd5 5. Nc3 Nb6 6. Nf3 Nc6 7. O-O Be7 8. d3 g5 9. d4 exd4 10. Nb5 O-O 11. Nbxd4 Nxd4 12. Nxd4 Bf6 13. Nb5 Qe7 14. Qc2 c6 15. Nc3 h6 16. Ne4 Bg7 1/2-1/2

[Event "Oberliga Ost B"]
[Site "?"]
[Date "2022.10.22"]
[Round "2.7"]
[White "Mueller, Achim"]
[Black "Otte, Marijn"]
[Result "1/2-1/2"]
[WhiteElo "2117"]
[BlackElo "2162"]
[PlyCount "70"]
[EventDate "2022.09.18"]
[EventType "team-tourn"]
[EventCountry "GER"]
[WhiteTeam "Schoeneck SF"]
[BlackTeam "Heusenstamm SC"]
[WhiteTeamCountry "GER"]
[BlackTeamCountry "GER"]

1. e4 c5 2. Nf3 d6 3. d3 g6 4. g3 Bg7 5. Bg2 Nc6 6. O-O Nf6 7. c3 O-O 8. Re1 h6 9. d4 e5 10. a3 exd4 11. cxd4 Bg4 12. d5 Nd4 13. Nc3 Re8 14. Qd3 Nxf3+ 15. Bxf3 Bxf3 16. Qxf3 Qd7 17. Bxh6 Bxh6 18. Qxf6 Bg7 19. Qf3 b5 20. Rab1 Rab8 21. Ne2 b4 22. Nf4 Qa4 23. h4 bxa3 24. bxa3 Rxb1 25. Rxb1 Qxe4 26. Qxe4 Rxe4 27. Rb8+ Bf8 28. Rb7 Ra4 29. Nh3 Bh6 30. Rd7 Rxa3 31. Rxd6 Rd3 32. h5 Bf8 33. Rd8 gxh5 34. Nf4 Rd1+ 35. Kg2 c4 1/2-1/2

[Event "Oberliga Ost B"]
[Site "?"]
[Date "2022.10.22"]
[Round "2.8"]
[White "Vechorkin, Oleksii"]
[Black "Kleschtschow, Juri"]
[Result "1/2-1/2"]
[WhiteElo "2051"]
[BlackElo "2106"]
[PlyCount "96"]
[EventDate "2022.09.18"]
[EventType "team-tourn"]
[EventCountry "GER"]
[WhiteTeam "Heusenstamm SC"]
[BlackTeam "Schoeneck SF"]
[WhiteTeamCountry "GER"]
[BlackTeamCountry "GER"]

1. d4 Nf6 2. Nf3 g6 3. Bg5 Bg7 4. Nbd2 d5 5. c3 Nbd7 6. g3 h6 7. Bxf6 exf6 8. Bg2 O-O 9. O-O f5 10. c4 dxc4 11. Nxc4 Nb6 12. Nce5 Re8 13. e3 Be6 14. Rc1 Bd5 15. h4 h5 16. Nd3 c6 17. b3 Nc8 18. Nf4 Be4 19. Re1 Bf8 20. Ng5 Bxg2 21. Kxg2 Be7 22. Nf3 Nb6 23. Ne5 Bd6 24. Ned3 Kg7 25. Qf3 Qe7 26. Nc5 Bxc5 27. Rxc5 Qe4 28. Rec1 Nd7 29. R5c2 Nf6 30. Rc5 Qxf3+ 31. Kxf3 Ne4 32. R5c2 Rad8 33. b4 Rd7 34. a4 a6 35. Nd3 f6 36. Nc5 Nxc5 37. bxc5 Kf7 38. Rb2 Ree7 39. Rh1 Ke8 40. a5 Kd8 41. Rd2 Rd5 42. Ke2 Ke8 43. Kd3 Kf7 44. Rc2 Rd8 45. Rb2 Kg7 46. Kc4 Rdd7 47. Rb3 Kh6 48. Rd3 g5 1/2-1/2

[Event "Oberliga Ost B"]
[Site "?"]
[Date "2022.10.22"]
[Round "2.1"]
[White "Lesny, Florian"]
[Black "Humburg, Philipp"]
[Result "1/2-1/2"]
[WhiteElo "2204"]
[BlackElo "2235"]
[PlyCount "133"]
[EventDate "2022.09.18"]
[EventType "team-tourn"]
[EventCountry "GER"]
[WhiteTeam "Homburg Bad SK"]
[BlackTeam "Marburg SK"]
[WhiteTeamCountry "GER"]
[BlackTeamCountry "GER"]

1. e4 e5 2. Nf3 Nc6 3. Bc4 Nf6 4. d3 Bc5 5. O-O a6 6. c3 d6 7. Bb3 Ba7 8. Nbd2 O-O 9. h3 Ne7 10. Re1 Ng6 11. Nf1 h6 12. Ng3 Re8 13. d4 c6 14. dxe5 dxe5 15. Be3 Qc7 16. Bxa7 Rxa7 17. Qe2 a5 18. Qe3 Ra8 19. a3 a4 20. Ba2 Nf4 21. Rad1 b6 22. Qd2 Ba6 23. Qd6 Qxd6 24. Rxd6 Nd3 25. Rd1 Nxb2 26. R1d2 Nc4 27. Bxc4 Bxc4 28. Rxc6 b5 29. Rc5 Rac8 30. Rxc8 Rxc8 31. Nxe5 Bb3 32. Rd3 Bc2 33. Re3 Re8 34. Nc6 Bxe4 35. Nd4 Bb1 36. Rxe8+ Nxe8 37. Nxb5 Bd3 38. c4 Bxc4 39. Nc3 Bb3 40. Nge4 Kf8 41. Nc5 Nd6 42. N3xa4 Bxa4 43. Nxa4 Nb5 44. Nc5 Nxa3 45. f3 Nc4 46. Kf2 Ke7 47. Ke2 Kd6 48. Ne4+ Ke5 49. Kd3 f5 50. Nc3 Nd6 51. Ke3 Nc4+ 52. Kd3 Nd6 53. Ke3 g5 54. Ne2 f4+ 55. Kf2 h5 56. Nc1 h4 57. Nb3 Kd5 58. Nd2 Kd4 59. Ke2 Nb5 60. Ne4 Nc3+ 61. Nxc3 Kxc3 62. Ke1 Kd3 63. Kd1 Ke3 64. Ke1 Kd3 65. Kd1 Ke3 66. Ke1 Kd3 67. Kd1 1/2-1/2

[Event "Oberliga Ost B"]
[Site "?"]
[Date "2022.10.22"]
[Round "2.2"]
[White "Baum, Bernd"]
[Black "Schmidt, Walter"]
[Result "1-0"]
[WhiteElo "2267"]
[BlackElo "2222"]
[PlyCount "79"]
[EventDate "2022.09.18"]
[EventType "team-tourn"]
[EventCountry "GER"]
[WhiteTeam "Marburg SK"]
[BlackTeam "Homburg Bad SK"]
[WhiteTeamCountry "GER"]
[BlackTeamCountry "GER"]

1. Nf3 d5 2. g3 Nf6 3. Bg2 c6 4. c4 dxc4 5. Qc2 Qd5 6. Na3 b5 7. b3 cxb3 8. axb3 Bb7 9. O-O e6 10. Bb2 Qd8 11. Ne5 Nd5 12. Rfc1 Be7 13. d4 O-O 14. e4 Nb4 15. Qe2 Nd7 16. Nf3 a5 17. Nb1 Qb6 18. Nc3 Rfd8 19. Rd1 Bf8 20. h4 Rac8 21. Rd2 Ba6 22. Ng5 h6 23. Nf3 c5 24. d5 exd5 25. exd5 c4 26. bxc4 Rxc4 27. Rad1 Bb7 28. Nd4 Rc5 29. Nf5 Nf6 30. Ne3 Ba6 31. g4 Rcc8 32. g5 hxg5 33. hxg5 Nh7 34. Qg4 g6 35. Ne4 Bg7 36. Bxg7 Kxg7 37. d6 Bb7 38. d7 Rb8 39. Rd6 Qc7 40. Nf6 1-0

[Event "Oberliga Ost B"]
[Site "?"]
[Date "2022.10.22"]
[Round "2.3"]
[White "Lenz, Jonas"]
[Black "Dorst, Johannes"]
[Result "1-0"]
[WhiteElo "2150"]
[BlackElo "2231"]
[PlyCount "83"]
[EventDate "2022.09.18"]
[EventType "team-tourn"]
[EventCountry "GER"]
[WhiteTeam "Homburg Bad SK"]
[BlackTeam "Marburg SK"]
[WhiteTeamCountry "GER"]
[BlackTeamCountry "GER"]

1. d4 Nf6 2. c4 g6 3. g3 Bg7 4. Bg2 O-O 5. Nc3 d6 6. Nf3 Nc6 7. O-O a6 8. b3 Rb8 9. d5 Na5 10. Bg5 h6 11. Bxf6 exf6 12. Qd2 b5 13. cxb5 axb5 14. Nd4 Bd7 15. Rac1 f5 16. e3 Rb6 17. Rfd1 Qb8 18. Nce2 b4 19. Nf4 Qa7 20. Rc2 Rb7 21. h4 Re8 22. Qd3 h5 23. Bf1 Re7 24. Nc6 Bxc6 25. dxc6 Rb8 26. Nd5 Re4 27. Qa6 Ra8 28. Nxc7 Qxa6 29. Bxa6 Ra7 30. Bb7 Rxb7 31. cxb7 Nxb7 32. Rc4 Re7 33. Nd5 Re8 34. Rc8 Rxc8 35. Ne7+ Kf8 36. Nxc8 Be5 37. f4 Bc3 38. Nxd6 Nc5 39. Rd5 Ne4 40. Nxe4 fxe4 41. Rc5 Ke7 42. a4 1-0

[Event "Oberliga Ost B"]
[Site "?"]
[Date "2022.10.22"]
[Round "2.4"]
[White "Alber, Horst"]
[Black "Erdmann, Stefan"]
[Result "1-0"]
[WhiteElo "2240"]
[BlackElo "2156"]
[PlyCount "69"]
[EventDate "2022.09.18"]
[EventType "team-tourn"]
[EventCountry "GER"]
[WhiteTeam "Marburg SK"]
[BlackTeam "Homburg Bad SK"]
[WhiteTeamCountry "GER"]
[BlackTeamCountry "GER"]

1. d4 d5 2. c4 c6 3. cxd5 cxd5 4. Nc3 Nf6 5. Bf4 Nc6 6. e3 Bf5 7. Bb5 Qb6 8. Nf3 e6 9. Ne5 Be7 10. g4 Bg6 11. h4 h6 12. Nxg6 fxg6 13. Qc2 Ne4 14. Nxe4 Qxb5 15. Nc3 Qa6 16. Qxg6+ Kd7 17. O-O-O Rac8 18. Kb1 Nb4 19. Rd2 Rhg8 20. a3 Nc6 21. e4 Bxa3 22. exd5 Ne7 23. dxe6+ Qxe6 24. Qxe6+ Kxe6 25. d5+ Kd7 26. h5 Bb4 27. Be5 Rc4 28. f3 a5 29. Rhd1 g6 30. Rh2 Bxc3 31. Bxc3 gxh5 32. Rxh5 Rf4 33. Rxh6 Rxf3 34. Rh7 Rg6 35. Re1 1-0

[Event "Oberliga Ost B"]
[Site "?"]
[Date "2022.10.22"]
[Round "2.5"]
[White "Dunsbach, Ralf"]
[Black "Henrich, Thomas"]
[Result "0-1"]
[WhiteElo "2143"]
[BlackElo "2116"]
[PlyCount "100"]
[EventDate "2022.09.18"]
[EventType "team-tourn"]
[EventCountry "GER"]
[WhiteTeam "Homburg Bad SK"]
[BlackTeam "Marburg SK"]
[WhiteTeamCountry "GER"]
[BlackTeamCountry "GER"]

1. c4 g6 2. g3 Bg7 3. Bg2 d6 4. Nc3 Nf6 5. e4 O-O 6. Nge2 e5 7. O-O Be6 8. d3 Qd7 9. Nd5 c6 10. Nxf6+ Bxf6 11. Nc3 Na6 12. Be3 Nc7 13. Rc1 Bg7 14. b3 d5 15. cxd5 cxd5 16. d4 dxe4 17. dxe5 Nd5 18. Nxd5 Qxd5 19. Qxd5 Bxd5 20. Rfd1 Bc6 21. Rc4 Bxe5 22. Bxe4 Bxe4 23. Rxe4 Rfe8 24. Rd5 f6 25. Rd7 b5 26. Bxa7 Bc3 27. Rxe8+ Rxe8 28. Rb7 Re5 29. Be3 b4 30. Kg2 Rd5 31. Kf3 h5 32. Ke4 Rd1 33. h4 Ra1 34. Ra7 Rd1 35. Rc7 Rd6 36. a4 f5+ 37. Kf3 Rd5 38. Rc5 Rd1 39. Rc6 Ra1 40. Rxg6+ Kf7 41. Rb6 Ra3 42. Kf4 Rxb3 43. a5 Ra3 44. a6 b3 45. Kxf5 Ra5+ 46. Ke4 b2 47. Rb7+ Ke6 48. a7 Bb4 49. Rxb4 Ra4 50. a8=Q b1=Q+ 0-1

[Event "Oberliga Ost B"]
[Site "?"]
[Date "2022.10.22"]
[Round "2.6"]
[White "Rolle, Eric"]
[Black "Wolf, Ulrich Martin"]
[Result "0-1"]
[WhiteElo "2129"]
[BlackElo "2174"]
[PlyCount "54"]
[EventDate "2022.09.18"]
[EventType "team-tourn"]
[EventCountry "GER"]
[WhiteTeam "Marburg SK"]
[BlackTeam "Homburg Bad SK"]
[WhiteTeamCountry "GER"]
[BlackTeamCountry "GER"]

1. c4 f5 2. Nc3 Nf6 3. g3 g6 4. Bg2 Bg7 5. c5 e5 6. e3 Qe7 7. Qb3 Na6 8. Na4 Nxc5 9. Nxc5 Qxc5 10. d4 exd4 11. Nf3 Qb6 12. Qa3 d3 13. O-O d6 14. Qxd3 O-O 15. Bd2 Ne4 16. Qd5+ Kh8 17. Ba5 Qc5 18. Qxc5 dxc5 19. Bxc7 Bxb2 20. Rad1 Be6 21. Rb1 Rf7 22. Ba5 Bf6 23. Nd2 Nxd2 24. Bxd2 Rd8 25. Bc1 Bxa2 26. Rxb7 Rxb7 27. Bxb7 Bc4 0-1

[Event "Oberliga Ost B"]
[Site "?"]
[Date "2022.10.22"]
[Round "2.7"]
[White "Heiming, Helmut"]
[Black "Duncker, Joachim"]
[Result "0-1"]
[WhiteElo "1887"]
[BlackElo "2197"]
[PlyCount "106"]
[EventDate "2022.09.18"]
[EventType "team-tourn"]
[EventCountry "GER"]
[WhiteTeam "Homburg Bad SK"]
[BlackTeam "Marburg SK"]
[WhiteTeamCountry "GER"]
[BlackTeamCountry "GER"]

1. Nf3 Nf6 2. g3 g6 3. Bg2 Bg7 4. c4 d6 5. O-O O-O 6. Nc3 Nc6 7. d4 a6 8. Bf4 Rb8 9. Qd3 Nh5 10. Bg5 h6 11. Bc1 Bd7 12. e4 b5 13. cxb5 axb5 14. Be3 Na5 15. b3 b4 16. Ne2 Bb5 17. Qd2 Nf6 18. Nh4 e6 19. f4 Ng4 20. Rad1 Qc8 21. h3 Qa6 22. Rfe1 Nxe3 23. Qxe3 c5 24. dxc5 dxc5 25. e5 Rfd8 26. Bf3 Bf8 27. Kh2 Nc6 28. Rd2 Rxd2 29. Qxd2 Rd8 30. Qb2 c4 31. bxc4 Bxc4 32. Rc1 b3 33. axb3 Ba3 34. Qa2 Bxc1 35. Qxa6 Bxa6 36. Nxc1 Rd2+ 37. Ng2 Nd4 38. Be4 Rd1 39. Na2 Nxb3 40. g4 Nd2 41. Nc3 Rc1 42. Na2 Ra1 43. Nc3 Nxe4 44. Nxe4 Ra2 45. Kg3 Ra3+ 46. Kh2 Bf1 47. Ng3 Bc4 48. Ne4 Kf8 49. Nf2 Kg7 50. Ne4 Bd5 51. Nf2 g5 52. f5 Bxg2 53. Kxg2 Re3 0-1

[Event "Oberliga Ost B"]
[Site "?"]
[Date "2022.10.22"]
[Round "2.8"]
[White "Nekhamkis, Genadi"]
[Black "Gold, Jan Christian"]
[Result "1-0"]
[WhiteElo "2071"]
[BlackElo "1566"]
[PlyCount "69"]
[EventDate "2022.09.18"]
[EventType "team-tourn"]
[EventCountry "GER"]
[WhiteTeam "Marburg SK"]
[BlackTeam "Homburg Bad SK"]
[WhiteTeamCountry "GER"]
[BlackTeamCountry "GER"]

1. e4 e6 2. d4 d5 3. e5 c5 4. c3 Nc6 5. Nf3 Qb6 6. a3 c4 7. Nbd2 Na5 8. h4 Bd7 9. g3 O-O-O 10. Bh3 Kb8 11. O-O h6 12. Rb1 Ne7 13. Re1 Nc8 14. Bf1 Qc7 15. Qc2 Nb6 16. b4 cxb3 17. Nxb3 Ba4 18. Nfd2 Nbc4 19. Qd3 Nxb3 20. Nxb3 Rc8 21. Nd2 Nxa3 22. Bxa3 Bxa3 23. Ra1 Qxc3 24. Rxa3 Qxd3 25. Bxd3 Bc2 26. Bf1 Bf5 27. Rea1 a6 28. Nb3 Rc3 29. Nc5 Rxa3 30. Rxa3 Rc8 31. Rb3 Ka8 32. f3 Bc2 33. Rb2 Bg6 34. Kf2 a5 35. Rb5 1-0

[Event "Oberliga Ost B"]
[Site "?"]
[Date "2022.10.22"]
[Round "2.1"]
[White "Siebarth, Raiko"]
[Black "Kunin, Vitaly"]
[Result "1/2-1/2"]
[WhiteElo "2325"]
[BlackElo "2517"]
[PlyCount "259"]
[EventDate "2022.09.18"]
[EventType "team-tourn"]
[EventCountry "GER"]
[WhiteTeam "Stadtilm SG BW"]
[BlackTeam "Moerlenbach Birkenau Freibauer"]
[WhiteTeamCountry "GER"]
[BlackTeamCountry "GER"]

1. e4 c5 2. Nf3 a6 3. c4 Nc6 4. d4 cxd4 5. Nxd4 Nf6 6. Nc3 e5 7. Nc2 Bc5 8. Bd3 d6 9. O-O O-O 10. Ne3 Nd4 11. Ne2 Bd7 12. Nxd4 Bxd4 13. Qf3 b5 14. cxb5 axb5 15. Nc2 Bc5 16. Be3 h6 17. h3 Qe7 18. Rfd1 Rfc8 19. Qe2 Qe8 20. a3 Ra4 21. b3 Raa8 22. Bc1 d5 23. Bb2 dxe4 24. Bxe4 Nxe4 25. Qxe4 f6 26. b4 Bf8 27. Ne3 Bc6 28. Qg4 Rd8 29. h4 h5 30. Qf5 Qf7 31. Qc2 Rdc8 32. Qe2 f5 33. Nf1 f4 34. Bxe5 f3 35. Qa2 Qxa2 36. Rxa2 fxg2 37. Ng3 Bf3 38. Rb1 Bxb4 39. Rab2 Bxa3 40. Rb3 Bc6 41. Nxh5 g6 42. Nf4 Re8 43. Rxb5 Bxb5 44. Rxb5 Ra4 45. Nxg2 Rb4 46. Rxb4 Bxb4 47. Bf4 Kf7 48. Kh2 Re2 49. Kg3 Ra2 50. Be3 Bd6+ 51. Kg4 Ra4+ 52. Kf3 Be7 53. Kg3 Ke6 54. Bf4 Bb4 55. Kf3 Ra1 56. Bg3 Kf6 57. Ne3 Ra3 58. Kg4 Rd3 59. Kf3 Ke6 60. Ke4 Rd8 61. Ng2 Rh8 62. Nf4+ Kf7 63. Kf3 Bd2 64. Kg4 Rg8 65. Nd3 Kf6 66. Nc5 Re8 67. Nd7+ Ke6 68. Ne5 Rg8 69. Nd3 Kd5 70. Nf4+ Ke4 71. Ne6 Kd3 72. Nf4+ Ke4 73. Ne6 Bb4 74. Kg5 Be7+ 75. Kg4 Rc8 76. Nf4 Rc6 77. Bh2 Bd8 78. Bg1 Kd4 79. Bh2 Ra6 80. Bg3 Kc3 81. Nd5+ Kd2 82. Bc7 Bxc7 83. Nxc7 Ra1 84. Kg5 Rg1+ 85. Kf6 Ke2 86. Ne6 Kxf2 87. Nf4 Kf3 88. Nxg6 Kg4 89. Ne5+ Kh5 90. Ke6 Rf1 91. Kd5 Kxh4 92. Ke4 Kg5 93. Nf3+ Kf6 94. Nd4 Re1+ 95. Kd5 Re5+ 96. Kc4 Rh5 97. Kd3 Ke5 98. Nf3+ Kf4 99. Nd4 Rd5 100. Kc4 Ke4 101. Nb3 Rd8 102. Nc5+ Ke3 103. Kc3 Rd6 104. Kc4 Rd4+ 105. Kb5 Rh4 106. Kc6 Kd4 107. Ne6+ Ke5 108. Nc5 Rc4 109. Kb6 Kd5 110. Nb7 Rc6+ 111. Ka7 Rh6 112. Kb8 Kc6 113. Nd8+ Kd7 114. Nb7 Rh8+ 115. Ka7 Kc6 116. Na5+ Kb5 117. Nb7 Rf8 118. Nd6+ Kc6 119. Nc4 Rd8 120. Ne5+ Kc7 121. Nc4 Kc6 122. Ne5+ Kd5 123. Nd3 Rh8 124. Kb6 Rb8+ 125. Kc7 Rb5 126. Nf4+ Ke5 127. Kc6 Rb8 128. Nd3+ Kd4 129. Nf4 Rb6+ 130. Kxb6 1/2-1/2

[Event "Oberliga Ost B"]
[Site "?"]
[Date "2022.10.22"]
[Round "2.3"]
[White "Schneider, Christian"]
[Black "Legde, Georg"]
[Result "1/2-1/2"]
[WhiteElo "2219"]
[BlackElo "2353"]
[PlyCount "73"]
[EventDate "2022.09.18"]
[EventType "team-tourn"]
[EventCountry "GER"]
[WhiteTeam "Stadtilm SG BW"]
[BlackTeam "Moerlenbach Birkenau Freibauer"]
[WhiteTeamCountry "GER"]
[BlackTeamCountry "GER"]

1. c4 e6 2. Nf3 Nf6 3. b3 d5 4. e3 Be7 5. Bb2 O-O 6. Be2 b6 7. cxd5 Nxd5 8. O-O Bb7 9. a3 Bf6 10. Qc2 c5 11. Nc3 Nxc3 12. Bxc3 Nd7 13. Rfd1 Rc8 14. Qb2 Qe7 15. Rac1 Rfd8 16. Bxf6 Nxf6 17. d4 h6 18. dxc5 Rxd1+ 19. Bxd1 Rxc5 20. Rxc5 Qxc5 21. b4 Qc6 22. Qc2 Qxc2 23. Bxc2 Bxf3 24. gxf3 Kf8 25. Kf1 Ke7 26. Ke2 Kd6 27. f4 g5 28. fxg5 hxg5 29. f4 g4 30. e4 Nh5 31. Ke3 g3 32. hxg3 Nxg3 33. Bd1 Nf1+ 34. Ke2 Ng3+ 35. Ke3 Nf1+ 36. Ke2 Ng3+ 37. Ke3 1/2-1/2

[Event "Oberliga Ost B"]
[Site "?"]
[Date "2022.10.22"]
[Round "2.4"]
[White "Dittmar, Peter"]
[Black "Siebarth, Marco"]
[Result "1/2-1/2"]
[WhiteElo "2206"]
[BlackElo "2079"]
[PlyCount "72"]
[EventDate "2022.09.18"]
[EventType "team-tourn"]
[EventCountry "GER"]
[WhiteTeam "Moerlenbach Birkenau Freibauer"]
[BlackTeam "Stadtilm SG BW"]
[WhiteTeamCountry "GER"]
[BlackTeamCountry "GER"]

1. c4 c6 2. Nf3 Nf6 3. d4 d5 4. e3 e6 5. Bd3 dxc4 6. Bxc4 b5 7. Be2 a6 8. a4 b4 9. a5 c5 10. Nbd2 Nbd7 11. Nc4 Bb7 12. O-O Be7 13. b3 O-O 14. Bb2 Ne4 15. Qc2 Qc7 16. Nfe5 Nxe5 17. dxe5 f5 18. f3 Ng5 19. Rad1 Nf7 20. f4 Rad8 21. Nb6 Rxd1 22. Rxd1 Rd8 23. Bf3 Bxf3 24. gxf3 Rxd1+ 25. Qxd1 Qc6 26. Qf1 Bd8 27. Qxa6 Qxf3 28. Qd3 Qg4+ 29. Kh1 Qf3+ 30. Kg1 Bh4 31. Qd2 Nh6 32. Nd7 Ng4 33. Nf6+ gxf6 34. Qd8+ Kf7 35. Qd7+ Kf8 36. Qd8+ Kf7 1/2-1/2

[Event "Oberliga Ost B"]
[Site "?"]
[Date "2022.10.22"]
[Round "2.5"]
[White "Neubauer, Andreas"]
[Black "Wrede, Michael"]
[Result "1/2-1/2"]
[WhiteElo "2159"]
[BlackElo "2186"]
[PlyCount "38"]
[EventDate "2022.09.18"]
[EventType "team-tourn"]
[EventCountry "GER"]
[WhiteTeam "Stadtilm SG BW"]
[BlackTeam "Moerlenbach Birkenau Freibauer"]
[WhiteTeamCountry "GER"]
[BlackTeamCountry "GER"]

1. Nf3 e6 2. g3 f5 3. Bg2 b6 4. O-O Bb7 5. b3 Nf6 6. Bb2 Be7 7. c4 O-O 8. d3 Qe8 9. Nbd2 Qh5 10. e3 d6 11. Nd4 Bxg2 12. Qxh5 Nxh5 13. Kxg2 Bf6 14. Rab1 Bxd4 15. Bxd4 Nd7 16. Rbd1 Rae8 17. Bb2 e5 18. b4 g5 19. f3 Re7 1/2-1/2

[Event "Oberliga Ost B"]
[Site "?"]
[Date "2022.10.22"]
[Round "2.6"]
[White "Boehmer, Christian"]
[Black "Schmidt, Daniel"]
[Result "1-0"]
[WhiteElo "2150"]
[BlackElo "1913"]
[PlyCount "73"]
[EventDate "2022.09.18"]
[EventType "team-tourn"]
[EventCountry "GER"]
[WhiteTeam "Moerlenbach Birkenau Freibauer"]
[BlackTeam "Stadtilm SG BW"]
[WhiteTeamCountry "GER"]
[BlackTeamCountry "GER"]

1. e4 c5 2. Nf3 d6 3. d4 cxd4 4. Nxd4 Nf6 5. Nc3 a6 6. h3 e5 7. Nde2 h5 8. g3 b5 9. Bg2 Bb7 10. Be3 Nbd7 11. a4 b4 12. Nd5 Nxd5 13. exd5 a5 14. c3 Ba6 15. cxb4 axb4 16. O-O g6 17. Re1 Bg7 18. Nd4 Qc7 19. Nc6 O-O 20. Nxb4 Rfb8 21. Rc1 Qb7 22. Nc6 Qxb2 23. Nxb8 Qxb8 24. Qc2 Nf6 25. Rb1 Qe8 26. Qc6 Bd3 27. Rb3 e4 28. Qxd6 Bc2 29. Rb2 Bxa4 30. Reb1 Nd7 31. Rb7 Be5 32. Qb4 Bc2 33. Rc1 Rc8 34. Qb5 Nf6 35. d6 Qxb5 36. Rxb5 Rc6 37. Rxe5 1-0

[Event "Oberliga Ost B"]
[Site "?"]
[Date "2022.10.22"]
[Round "2.7"]
[White "Schroeter, Maik"]
[Black "Schneider, Heiko"]
[Result "1/2-1/2"]
[WhiteElo "1933"]
[BlackElo "2127"]
[PlyCount "98"]
[EventDate "2022.09.18"]
[EventType "team-tourn"]
[EventCountry "GER"]
[WhiteTeam "Stadtilm SG BW"]
[BlackTeam "Moerlenbach Birkenau Freibauer"]
[WhiteTeamCountry "GER"]
[BlackTeamCountry "GER"]

1. e4 c6 2. Nf3 d5 3. Nc3 dxe4 4. Nxe4 Nd7 5. Bc4 e6 6. O-O Ngf6 7. Ng3 Be7 8. d4 O-O 9. Re1 c5 10. dxc5 Qc7 11. Qe2 Bxc5 12. Ng5 Re8 13. Bd3 g6 14. N3e4 Nxe4 15. Nxe4 Bf8 16. Bb5 Bg7 17. Bg5 e5 18. Rad1 Re6 19. Qd3 Nf8 20. Bd8 Qb8 21. Ng5 e4 22. Qc4 a6 23. Be8 b5 24. Qb3 Ra7 25. Bxf7+ Rxf7 26. Nxf7 Kxf7 27. Rxe4 Ke8 28. Qd5 Rxe4 29. Qxe4+ Ne6 30. Ba5 Kf7 31. Qf3+ Qf4 32. Qxf4+ Nxf4 33. Rd8 Bf5 34. c3 Be5 35. f3 Ne2+ 36. Kf2 Nc1 37. Ra8 Nd3+ 38. Kf1 Nxb2 39. Ra7+ Kg8 40. Rxa6 Bxh2 41. g4 Bd3+ 42. Kg2 Bf4 43. Bb4 Bc4 44. Ra8+ Kg7 45. Ra7+ Kf6 46. Ra6+ Kf7 47. Ra7+ Kf6 48. Ra6+ Kf7 49. Ra7+ Kf6 1/2-1/2

[Event "Oberliga Ost B"]
[Site "?"]
[Date "2022.10.22"]
[Round "2.8"]
[White "Wohlfart, Paulus"]
[Black "Werner, Justus"]
[Result "1/2-1/2"]
[WhiteElo "2087"]
[BlackElo "1945"]
[PlyCount "64"]
[EventDate "2022.09.18"]
[EventType "team-tourn"]
[EventCountry "GER"]
[WhiteTeam "Moerlenbach Birkenau Freibauer"]
[BlackTeam "Stadtilm SG BW"]
[WhiteTeamCountry "GER"]
[BlackTeamCountry "GER"]

1. d4 Nf6 2. c4 e6 3. Nf3 d5 4. Nc3 Be7 5. Bg5 O-O 6. Qc2 Nbd7 7. O-O-O a6 8. e4 dxe4 9. Nxe4 Nxe4 10. Bxe7 Qxe7 11. Qxe4 Nf6 12. Qh4 b5 13. Bd3 h6 14. c5 Bb7 15. Ne5 Bd5 16. Rhg1 Rfe8 17. Kb1 Rad8 18. g4 Nd7 19. Qh5 Nxe5 20. Qxe5 Qf6 21. Qxf6 gxf6 22. Bc2 Bf3 23. Rd2 e5 24. Re1 exd4 25. Rxe8+ Rxe8 26. Bf5 Be4+ 27. Bxe4 Rxe4 28. h3 Kf8 29. Kc2 Ke7 30. Kd3 Rf4 31. Re2+ Kd7 32. b4 Rf3+ 1/2-1/2

[Event "Oberliga Ost B"]
[Site "?"]
[Date "2022.10.23"]
[Round "3.1"]
[White "Sivuk, Vitaly"]
[Black "Khenkin, Igor"]
[Result "1/2-1/2"]
[WhiteElo "2600"]
[BlackElo "2504"]
[PlyCount "42"]
[EventDate "2022.09.18"]
[EventType "team-tourn"]
[EventCountry "GER"]
[WhiteTeam "Emstal Bad Wolfhagen SF"]
[BlackTeam "Wiesbadener SV"]
[WhiteTeamCountry "GER"]
[BlackTeamCountry "GER"]

1. d4 d5 2. Nf3 Nf6 3. c4 e6 4. e3 c5 5. cxd5 exd5 6. Bb5+ Nbd7 7. O-O c4 8. a4 a6 9. Bxd7+ Bxd7 10. a5 Rc8 11. Ne5 Bd6 12. Nc3 O-O 13. b3 Re8 14. bxc4 Rxe5 15. dxe5 Bxe5 16. Bb2 Rxc4 17. Nxd5 Bxb2 18. Nb6 Bxa1 19. Nxc4 Qc7 20. Qd5 Bb5 21. Rc1 Bxc4 1/2-1/2